| 000 | 01186nam a2200265 i 4500 | ||
|---|---|---|---|
| 001 | 173919 | ||
| 003 | ES-MaACL | ||
| 005 | 20230906215407.0 | ||
| 008 | 100128s20081908sp a g |||| |dspa d | ||
| 020 | _a978-84-7820-934-7 | ||
| 080 | _a94(460.224 Z.)"1808/09" | ||
| 080 | _a061.41 Hispano-Francesa "1908"(060.64) | ||
| 100 | 1 |
_aForcadell Álvarez, Carlos. _9142067 |
|
| 245 | 1 | 3 |
_aEl centenario de los Sitios y la Exposición Hispano-Francesa : _bpolíticas de la memoria en la Zaragoza de 1908 / _cCarlos Forcadell Álvarez. |
| 260 |
_aZaragoza : _bInstitución "Fernando el Católico", _c2008. |
||
| 300 |
_a21 p. : _bil. ; _c28 cm. |
||
| 490 | 1 |
_aPublicación de la Institución "Fernando el Católico" ; _v2772 |
|
| 611 | 2 |
_aExposición Hispano-Francesa. _d1908. _cZaragoza) _9142070 |
|
| 651 | 4 |
_aZaragoza- _xHistoria- _y1808-1809, Sitio. _9142068 |
|
| 651 | 4 |
_aEspaña- _xHistoria- _y1808-1814, Guerra de la Independencia- _vAniversarios y centenarios. _9142069 |
|
| 710 | 2 |
_aInstitución "Fernando el Católico" _94721 |
|
| 830 | 1 | 0 |
_aPublicación ... de la Institución Fernando el Católico _v2772 _9233871 |
| 852 | 4 |
_a BA _j2279-F-8 |
|
| 999 |
_c173919 _d173919 |
||